[Event "Cto por Equipos de Aragon Division de Ho"]
[Site "?"]
[Date "2026.02.07"]
[Round "3.18"]
[White "Asensio Asensio, Nicolas"]
[Black "Llanes Luno, Ricardo"]
[Result "0-1"]
[WhiteElo "2220"]
[BlackElo "2152"]
[PlyCount "128"]
[GameId "2276814097033013"]
[EventDate "2026.01.24"]
[WhiteTeam "Aulazenter"]
[BlackTeam "ONCE C.A. Aragon- Delicias"]

1. e4 c5 2. Nf3 e6 3. d4 cxd4 4. Nxd4 a6 5. c4 Nf6 6. Nc3 Qc7 7. a3 Nc6 8. Be3 Nxd4 9. Bxd4 d6 10. Be2 Be7 11. g4 h6 12. h4 e5 13. Be3 Be6 14. Nd5 Nxd5 15. exd5 Bd7 16. Rc1 Qd8 17. c5 dxc5 18. d6 Bf6 19. Rxc5 Rc8 20. Bf3 Rxc5 21. Bxc5 b6 22. Be3 Bxh4 23. Qd5 O-O 24. Qb7 e4 25. Be2 Bf6 26. g5 hxg5 27. Bxb6 Qe8 28. Be3 Qe6 29. Bxa6 Qxd6 30. Qxe4 g6 31. Bc4 Kg7 32. Qc2 Re8 33. Qd2 Qxd2+ 34. Kxd2 Bxb2 35. Bxg5 Bxa3 36. Rb1 Bc5 37. f3 Bc6 38. Be2 f6 39. Bf4 g5 40. Bg3 Re7 41. Rb3 f5 42. Rd3 Bb5 43. Rd5 Rxe2+ 44. Kd1 Re3 45. Rxc5 Ba4+ 46. Kd2 Rxf3 47. Be5+ Kg6 48. Ke2 g4 49. Ra5 Bb3 50. Rc5 f4 51. Bd4 Rh3 52. Bg1 Be6 53. Kf1 Bf5 54. Kg2 Be4+ 55. Kf1 Rf3+ 56. Ke1 Bd3 57. Bd4 g3 58. Rc7 Kf5 59. Rf7+ Ke4 60. Bc5 Rf1+ 61. Kd2 Bc4 62. Rd7 Kf3 63. Rd4 Bf7 64. Kc2 g2 0-1

[Event "Cto por Equipos de Aragon Division de Ho"]
[Site "?"]
[Date "2026.02.07"]
[Round "3.19"]
[White "Gavin Roche, Enrique"]
[Black "Miranda Herrera, Jorge Manuel"]
[Result "0-1"]
[WhiteElo "2129"]
[BlackElo "2111"]
[PlyCount "54"]
[GameId "2276814097041206"]
[EventDate "2026.01.24"]
[WhiteTeam "ONCE C.A. Aragon- Delicias"]
[BlackTeam "Aulazenter"]

1. d4 Nf6 2. c4 g6 3. Nc3 Bg7 4. e4 d6 5. Be2 O-O 6. Nf3 e5 7. d5 a5 8. Bg5 h6 9. Bh4 Na6 10. Nd2 Bd7 11. a3 Kh8 12. Rb1 Nc5 13. b4 axb4 14. axb4 Na4 15. Nxa4 Bxa4 16. Qc1 Bd7 17. c5 g5 18. Bg3 h5 19. f3 h4 20. Bf2 Nh5 21. g3 f5 22. f4 g4 23. fxe5 dxe5 24. h3 f4 25. hxg4 fxg3 26. Be3 Nf4 27. Nf3 Nxe2 0-1

[Event "Cto por Equipos de Aragon Division de Ho"]
[Site "?"]
[Date "2026.02.07"]
[Round "3.20"]
[White "Iravedra Iankov, Francisco"]
[Black "Laliena Solanes, Luis"]
[Result "1/2-1/2"]
[WhiteElo "2070"]
[BlackElo "2097"]
[PlyCount "39"]
[GameId "2276814097045303"]
[EventDate "2026.01.24"]
[WhiteTeam "Aulazenter"]
[BlackTeam "ONCE C.A. Aragon- Delicias"]

1. c4 e5 2. Nc3 Nf6 3. g3 c6 4. Bg2 d5 5. cxd5 cxd5 6. d4 exd4 7. Qxd4 Nc6 8. Qa4 d4 9. Ne4 Nxe4 10. Bxe4 Bb4+ 11. Kf1 Qb6 12. Nf3 Bd7 13. Bf4 O-O 14. Kg2 Rac8 15. Qb3 Be6 16. Bxh7+ Kxh7 17. Ng5+ Kg6 18. Nxe6 fxe6 19. Qxe6+ Kh7 20. Qh3+ 1/2-1/2

[Event "Cto por Equipos de Aragon Division de Ho"]
[Site "?"]
[Date "2026.02.07"]
[Round "3.21"]
[White "Moreno Gracia, Daniel"]
[Black "Lorente Melcon, Maximo"]
[Result "1-0"]
[WhiteElo "2275"]
[BlackElo "2301"]
[PlyCount "109"]
[GameId "2276814097053496"]
[EventDate "2026.01.24"]
[WhiteTeam "Iberajedrez Mundo 64"]
[BlackTeam "MyInvestor Casablanca B"]

1. c4 e6 2. Nc3 d5 3. d4 c5 4. cxd5 cxd4 5. Qa4+ Bd7 6. Qxd4 exd5 7. Qxd5 Nf6 8. Qd1 Bc5 9. Nf3 O-O 10. e3 Nc6 11. Be2 Qe7 12. O-O Rfd8 13. Bd2 Rac8 14. Rc1 Bg4 15. h3 Bf5 16. Qa4 Nb4 17. Nd4 Bxd4 18. exd4 Nc2 19. Rfd1 Nxd4 20. Bf1 Nc6 21. Bg5 Qb4 22. Qxb4 Nxb4 23. a3 Nc6 24. Nb5 Rxd1 25. Rxd1 Ne4 26. Be3 a6 27. Nd4 Nxd4 28. Rxd4 Nf6 29. g4 Be6 30. Bg2 h5 31. g5 Nd7 32. Bxb7 Rb8 33. Bxa6 Rxb2 34. Bc8 Ne5 35. Rd8+ Kh7 36. Bxe6 fxe6 37. Rd6 Nf3+ 38. Kf1 Rb1+ 39. Ke2 Ng1+ 40. Kd2 Nxh3 41. Rxe6 Rg1 42. g6+ Rxg6 43. Rxg6 Kxg6 44. a4 Ng1 45. Bf4 Kf5 46. a5 Kxf4 47. a6 Nf3+ 48. Kc3 h4 49. a7 h3 50. a8=Q h2 51. Qf8+ Ke4 52. Qe7+ Kf5 53. Qf7+ Kg4 54. Qxg7+ Ng5 55. Qb7 1-0

[Event "Cto por Equipos de Aragon Division de Ho"]
[Site "?"]
[Date "2026.02.07"]
[Round "3.22"]
[White "Conon, Catalin"]
[Black "Lopez Gracia, Fernando"]
[Result "1/2-1/2"]
[WhiteElo "2214"]
[BlackElo "2229"]
[PlyCount "112"]
[GameId "2276814097057593"]
[EventDate "2026.01.24"]
[WhiteTeam "MyInvestor Casablanca B"]
[BlackTeam "Iberajedrez Mundo 64"]

1. c4 e5 2. Nc3 Bb4 3. Qb3 Nc6 4. Nd5 Ba5 5. Qa3 Nge7 6. b4 Nxd5 7. cxd5 Bxb4 8. Qb2 Nd4 9. e3 Bc5 10. Rb1 O-O 11. exd4 exd4 12. d3 Re8+ 13. Be2 d6 14. Nf3 Qe7 15. Qd2 Bg4 16. Kf1 a5 17. a3 a4 18. Bb2 Qf6 19. h3 Bh5 20. g4 Bg6 21. Kg2 h5 22. Ba1 b6 23. Rbe1 Re7 24. g5 Qf5 25. Nh4 Qd7 26. Bf3 Rae8 27. Rxe7 Qxe7 28. Nxg6 fxg6 29. Be4 Qf7 30. f4 c6 31. dxc6 d5 32. Bf3 Re3 33. Re1 Qxf4 34. Rxe3 dxe3 35. Qe2 d4 36. Bb2 Bd6 37. Kh1 Qg3 38. Bxd4 Qxh3+ 39. Kg1 Qg3+ 40. Kf1 Qh3+ 41. Ke1 Qh4+ 42. Kf1 Qxd4 43. Be4 Qa1+ 44. Kg2 Qxa3 45. Qxe3 Qb2+ 46. Kf3 Qe5 47. Qxb6 Qxg5 48. Qa6 Qg4+ 49. Ke3 Qg3+ 50. Ke2 a3 51. c7 Bxc7 52. Bxg6 Qg2+ 53. Ke3 Qg3+ 54. Ke2 Qg2+ 55. Ke3 Qg3+ 56. Ke2 Qg2+ 1/2-1/2

[Event "Cto por Equipos de Aragon Division de Ho"]
[Site "?"]
[Date "2026.02.07"]
[Round "3.23"]
[White "Eizaguerri Floris, Maria"]
[Black "Ruiz Fernandez, Daniel 2007"]
[Result "0-1"]
[WhiteElo "2161"]
[BlackElo "2189"]
[PlyCount "92"]
[GameId "2276814097065786"]
[EventDate "2026.01.24"]
[WhiteTeam "Iberajedrez Mundo 64"]
[BlackTeam "MyInvestor Casablanca B"]

1. e4 c5 2. Nf3 d6 3. d4 Nf6 4. Nc3 cxd4 5. Nxd4 Nc6 6. Bg5 e6 7. Qd2 a6 8. O-O-O Bd7 9. f3 Nxd4 10. Qxd4 h6 11. Be3 Bc6 12. g4 d5 13. g5 hxg5 14. Bxg5 dxe4 15. Qe5 Nd7 16. Qg3 Qa5 17. Bc4 Ne5 18. Bd5 Nxf3 19. Bxc6+ bxc6 20. Be3 Bb4 21. Nxe4 Qxa2 22. c3 Ba3 23. bxa3 Qxa3+ 24. Kc2 Qa4+ 25. Kd3 O-O-O+ 26. Nd6+ Rxd6+ 27. Qxd6 Rd8 28. Qxd8+ Kxd8 29. Ke2+ Kc7 30. Kxf3 e5 31. Rhg1 g6 32. Rd2 Qh4 33. Bf2 Qf4+ 34. Ke2 Qxh2 35. Rgd1 Qh5+ 36. Kd3 Qg4 37. Kc2 Qe6 38. Kb2 f5 39. Bc5 f4 40. Rd8 e4 41. R1d6 Qf5 42. Bb4 f3 43. Kb3 f2 44. Ra8 f1=Q 45. Ra7+ Kb8 46. Rdd7 Qe6+ 0-1

[Event "Cto por Equipos de Aragon Division de Ho"]
[Site "?"]
[Date "2026.02.07"]
[Round "3.24"]
[White "Jaime Galeano, Alcher"]
[Black "Garcia Acin, Pablo"]
[Result "1/2-1/2"]
[WhiteElo "2081"]
[BlackElo "2066"]
[PlyCount "140"]
[GameId "2276814097073979"]
[EventDate "2026.01.24"]
[WhiteTeam "MyInvestor Casablanca B"]
[BlackTeam "Iberajedrez Mundo 64"]

1. e4 c5 2. Nf3 d6 3. d4 Nf6 4. Nc3 cxd4 5. Nxd4 a6 6. h4 e5 7. Nb3 Be7 8. Be2 Be6 9. f4 exf4 10. Bxf4 Nc6 11. Qd2 Ne5 12. O-O-O Nfd7 13. Kb1 b5 14. Nd5 Bxd5 15. exd5 Qb6 16. Nd4 O-O 17. Nf5 Bf6 18. Bg5 Nc4 19. Bxc4 bxc4 20. Bxf6 Nxf6 21. Qg5 Ne8 22. Rde1 f6 23. Qg4 c3 24. b3 Ra7 25. Ne7+ Kh8 26. Qh5 Qc5 27. Ng6+ Kg8 28. Nf4 Qa3 29. Nd3 g6 30. Qg4 a5 31. Qd4 Rc7 32. h5 g5 33. h6 a4 34. Qb4 Qxb4 35. Nxb4 Rd7 36. Re3 axb3 37. axb3 Nc7 38. Rxc3 Rb8 39. Nc6 Rb6 40. Rd1 Kf7 41. Re3 Nxd5 42. Rxd5 Rxc6 43. c4 Kg6 44. Rf3 Re7 45. Kc2 Re2+ 46. Rd2 Rxd2+ 47. Kxd2 f5 48. Kd3 Rb6 49. Kc3 f4 50. b4 Kf5 51. b5 g4 52. Rf1 d5 53. Kb4 dxc4 54. Kxc4 Rxh6 55. Kc5 Rh2 56. Rf2 f3 57. b6 Rxg2 58. b7 Rxf2 59. b8=Q Rc2+ 60. Kd4 f2 61. Qf8+ Kg5 62. Ke3 g3 63. Qf4+ Kh5 64. Qf5+ Kh4 65. Qxh7+ Kg4 66. Qg6+ Kh3 67. Qh7+ Kg2 68. Qxc2 Kg1 69. Kf3 f1=Q+ 70. Kxg3 Qe1+ 1/2-1/2

[Event "Cto por Equipos de Aragon Division de Ho"]
[Site "?"]
[Date "2026.02.07"]
[Round "3.25"]
[White "Del Rey, Diego"]
[Black "Cid Royo, Jonathan"]
[Result "1-0"]
[WhiteElo "2282"]
[BlackElo "2128"]
[PlyCount "29"]
[GameId "2276814097082172"]
[EventDate "2026.01.24"]
[WhiteTeam "El Olivar"]
[BlackTeam "L'Aurora Estadilla M64"]

1. d4 d5 2. c4 e6 3. Nc3 c6 4. cxd5 exd5 5. Qc2 Nf6 6. Bg5 Be7 7. e3 O-O 8. Bd3 h6 9. Bf4 Bd6 10. Nge2 Bxf4 11. Nxf4 Re8 12. O-O Qe7 13. Rae1 Ne4 14. Ncxd5 cxd5 15. Nxd5 1-0

[Event "Cto por Equipos de Aragon Division de Ho"]
[Site "?"]
[Date "2026.02.07"]
[Round "3.26"]
[White "Pellicer Cerezuela, Miguel"]
[Black "Galstyan, David"]
[Result "0-1"]
[WhiteElo "2062"]
[BlackElo "2248"]
[PlyCount "96"]
[GameId "2276814097086269"]
[EventDate "2026.01.24"]
[WhiteTeam "L'Aurora Estadilla M64"]
[BlackTeam "El Olivar"]

1. d4 Nf6 2. c4 e6 3. Nc3 Bb4 4. f3 O-O 5. a3 Be7 6. e3 c5 7. d5 exd5 8. Nxd5 Nxd5 9. Qxd5 d6 10. Ne2 Nd7 11. Nc3 Nb6 12. Qd2 Bf6 13. Ne4 Be7 14. Nc3 Be6 15. Nd5 Bxd5 16. cxd5 Bf6 17. Be2 Re8 18. O-O Rxe3 19. Kh1 Re5 20. Bd3 Rxd5 21. Qc2 Rh5 22. Bd2 c4 23. Bf5 Bxb2 24. Bxh7+ Rxh7 25. Qxb2 d5 26. Be3 Rc8 27. Rac1 Qc7 28. h3 c3 29. Qb3 Qc4 30. Qd1 Rh4 31. Bf2 Rf4 32. Be3 Rf5 33. Rf2 Na4 34. Rfc2 Rf6 35. Bd4 Rfc6 36. Rxc3 Nxc3 37. Rxc3 Qa2 38. Rxc6 Rxc6 39. Qe1 Re6 40. Qh4 Qxa3 41. Qg3 Qf8 42. f4 Re4 43. Be5 f6 44. Bb2 Qb4 45. Bc3 Qb1+ 46. Kh2 Qc1 47. Qd3 Qxf4+ 48. Kh1 Qd6 0-1

[Event "Cto por Equipos de Aragon Division de Ho"]
[Site "?"]
[Date "2026.02.07"]
[Round "3.27"]
[White "Miranda Herrera, Miguel"]
[Black "Cid Royo, Oscar"]
[Result "1-0"]
[WhiteElo "2177"]
[BlackElo "1987"]
[PlyCount "69"]
[GameId "2276814097094462"]
[EventDate "2026.01.24"]
[WhiteTeam "El Olivar"]
[BlackTeam "L'Aurora Estadilla M64"]

1. Nc3 d5 2. d4 Nf6 3. Bf4 c6 4. e3 g6 5. h4 h5 6. Nf3 Bg4 7. Qd2 b5 8. Ne5 Bf5 9. f3 Qb6 10. Be2 a6 11. g4 hxg4 12. fxg4 Ne4 13. Nxe4 Bxe4 14. Rh2 f6 15. Nd3 Nd7 16. a4 e6 17. axb5 cxb5 18. Nf2 f5 19. Nxe4 fxe4 20. h5 gxh5 21. Rxh5 Rxh5 22. gxh5 O-O-O 23. Bg5 Re8 24. h6 Qd6 25. Bh5 Qg3+ 26. Qf2 Qxg5 27. Bxe8 Nf6 28. Bxb5 a5 29. c3 Bd6 30. Kd2 Qxh6 31. Rf1 Ng4 32. Qf7 Qh2+ 33. Kc1 Nxe3 34. Qe8+ Kb7 35. Rf7+ 1-0

[Event "Cto por Equipos de Aragon Division de Ho"]
[Site "?"]
[Date "2026.02.07"]
[Round "3.28"]
[White "Pellicer Cemeli, Jose Luis"]
[Black "Munoz Valles, Jorge"]
[Result "0-1"]
[WhiteElo "1931"]
[BlackElo "2076"]
[PlyCount "62"]
[GameId "2276814097102655"]
[EventDate "2026.01.24"]
[WhiteTeam "L'Aurora Estadilla M64"]
[BlackTeam "El Olivar"]

1. Nf3 d5 2. e3 Nf6 3. d4 e6 4. Bd3 Be7 5. O-O O-O 6. b3 a5 7. a3 b6 8. Nbd2 c5 9. Bb2 a4 10. Ne5 axb3 11. cxb3 Ba6 12. Bxa6 Rxa6 13. Qe2 Qc7 14. Rfc1 Qa7 15. dxc5 bxc5 16. Ng4 Nbd7 17. Nxf6+ Bxf6 18. Nf3 Rb8 19. Bxf6 Nxf6 20. Qb2 c4 21. Nd4 Nd7 22. b4 Nc5 23. Qc3 Ne4 24. Qb2 h6 25. a4 Nc5 26. Nb5 Nd3 27. Qc3 Nxc1 28. Rxc1 Qd7 29. Qe5 Rb7 30. g4 Rxa4 31. Nd6 Rb6 0-1

[Event "Cto por Equipos de Aragon Division de Ho"]
[Site "?"]
[Date "2026.02.07"]
[Round "3.29"]
[White "Romero Pallares, Daniel"]
[Black "Chueca Forcen, Alberto"]
[Result "1-0"]
[WhiteElo "2257"]
[BlackElo "2283"]
[PlyCount "97"]
[GameId "2276814097106752"]
[EventDate "2026.01.24"]
[WhiteTeam "Palacio De Pioneros"]
[BlackTeam "Teruel"]

1. e4 e5 2. Nf3 Nc6 3. Bb5 Nf6 4. O-O Nxe4 5. Re1 Nd6 6. a4 Be7 7. Nc3 O-O 8. d4 Nxb5 9. axb5 Nxd4 10. Nxd4 exd4 11. Nd5 Bf6 12. Qf3 c6 13. Nxf6+ Qxf6 14. Qxf6 gxf6 15. Bh6 d5 16. Bxf8 Kxf8 17. bxc6 bxc6 18. Ra4 Bf5 19. Rxd4 Bxc2 20. Rc1 Re8 21. f3 Bb3 22. Rxc6 a5 23. Rxf6 a4 24. Kf2 Rc8 25. Rd2 Kg7 26. Rb6 Rc4 27. g4 h6 28. Kg3 Rc1 29. Rd6 Rg1+ 30. Kf2 Rh1 31. Kg2 Re1 32. h4 Rc1 33. h5 Re1 34. Kf2 Rh1 35. Kg2 Re1 36. f4 Bc4 37. f5 Bb3 38. f6+ Kh7 39. Rd7 Kg8 40. Rd8+ Kh7 41. Rd7 Kg8 42. Re7 Rc1 43. Re8+ Kh7 44. Rf8 d4 45. Rxd4 a3 46. Rdd8 Bd5+ 47. Rxd5 Rc2+ 48. Kg3 Rc7 49. Rdd8 1-0

[Event "Cto por Equipos de Aragon Division de Ho"]
[Site "?"]
[Date "2026.02.07"]
[Round "3.30"]
[White "Cabrera Moreno, Daniel"]
[Black "Palacios Herrero, Pablo"]
[Result "0-1"]
[WhiteElo "2138"]
[BlackElo "2175"]
[PlyCount "90"]
[GameId "2276814097114945"]
[EventDate "2026.01.24"]
[WhiteTeam "Teruel"]
[BlackTeam "Palacio De Pioneros"]

1. e4 e6 2. d4 d5 3. Nc3 Nf6 4. e5 Nfd7 5. f4 c5 6. Nf3 Nc6 7. Ne2 a5 8. c3 a4 9. h4 Be7 10. h5 Qa5 11. Kf2 f6 12. Rh3 Qb6 13. Kg3 Qc7 14. Kh2 fxe5 15. fxe5 Nf6 16. Qe1 O-O 17. Kh1 Ne4 18. Ng3 Nxg3+ 19. Qxg3 cxd4 20. Bh6 Bc5 21. Bd3 Kh8 22. Bg5 dxc3 23. bxc3 Be7 24. Re1 Bd7 25. Bd2 Be8 26. Ng5 Bxg5 27. Bxg5 h6 28. Bb1 hxg5 29. Qd3 Rf5 30. g4 Nxe5 31. Rxe5 Qxe5 32. Re3 Bb5 33. Qxf5 exf5 34. Rxe5 fxg4 35. Bg6 Kg8 36. Kh2 Rd8 37. Kg3 a3 38. Kxg4 Bc4 39. Re7 Bxa2 40. Rxb7 d4 41. Ra7 Be6+ 42. Kxg5 a2 43. cxd4 Bd5 44. Kf4 Kf8 45. Ke5 Ra8 0-1

[Event "Cto por Equipos de Aragon Division de Ho"]
[Site "?"]
[Date "2026.02.07"]
[Round "3.31"]
[White "Dan, Teodor"]
[Black "Dominguez Bujeda, Jesus"]
[Result "1-0"]
[WhiteElo "2086"]
[BlackElo "2064"]
[PlyCount "82"]
[GameId "2276814097123138"]
[EventDate "2026.01.24"]
[WhiteTeam "Palacio De Pioneros"]
[BlackTeam "Teruel"]

1. d4 d5 2. Nf3 Nf6 3. e3 e6 4. Bd3 Be7 5. Nbd2 b6 6. Qe2 Bb7 7. e4 dxe4 8. Nxe4 Nbd7 9. O-O O-O 10. Rd1 Nxe4 11. Bxe4 Bxe4 12. Qxe4 Nf6 13. Qe2 Qe8 14. Bg5 Nd7 15. Rd3 Bd6 16. Rad1 f6 17. Bc1 Qf7 18. b3 Rae8 19. Re1 Qh5 20. Re3 e5 21. Bb2 Qf7 22. dxe5 fxe5 23. Ng5 Qf4 24. Ne4 Nf6 25. Qc4+ Kh8 26. Nxd6 cxd6 27. Qxf4 exf4 28. Rxe8 Rxe8 29. Rxe8+ Nxe8 30. Kf1 Kg8 31. Ke2 Kf7 32. Kf3 g5 33. Ke4 Ke6 34. c4 Nc7 35. h4 gxh4 36. Kxf4 d5 37. Kg4 dxc4 38. bxc4 Ne8 39. Bd4 Nd6 40. c5 bxc5 41. Bxc5 a5 1-0

[Event "Cto por Equipos de Aragon Division de Ho"]
[Site "?"]
[Date "2026.02.07"]
[Round "3.32"]
[White "Barcena Laguia, Francisco"]
[Black "Zambrana Petisme, Ramiro"]
[Result "0-1"]
[WhiteElo "1865"]
[BlackElo "2077"]
[PlyCount "56"]
[GameId "2276814097127235"]
[EventDate "2026.01.24"]
[WhiteTeam "Teruel"]
[BlackTeam "Palacio De Pioneros"]

1. e4 d5 2. d4 dxe4 3. Nc3 Nf6 4. f3 exf3 5. Nxf3 Bg4 6. h3 Bh5 7. g4 Bg6 8. Ne5 e6 9. Qf3 c6 10. g5 Nfd7 11. Nxg6 hxg6 12. Bd3 Be7 13. h4 Qb6 14. Ne2 Na6 15. Be3 Nb4 16. O-O Rf8 17. d5 Bc5 18. dxe6 Bxe3+ 19. Kg2 fxe6 20. Bxg6+ Ke7 21. Qe4 Nd5 22. Bf5 Nc7 23. Rf3 Bc5 24. Nf4 Rxf5 25. Ng6+ Kd8 26. Rxf5 exf5 27. Qd3 Nd5 28. Rd1 Ne3+ 0-1

[Event "Cto por Equipos de Aragon  Preferente I "]
[Site "?"]
[Date "2026.02.07"]
[Round "3.33"]
[White "Salamero Pelay, Fernando"]
[Black "Dolz Barea, Guillermo"]
[Result "1-0"]
[WhiteElo "2087"]
[BlackElo "1901"]
[PlyCount "123"]
[GameId "2276814097135428"]
[EventDate "2026.01.24"]
[WhiteTeam "Atletismo Huesca"]
[BlackTeam "Iberajedrez Mundo 64 C"]

1. Nf3 d5 2. b3 Nf6 3. Bb2 e6 4. e3 Bd6 5. c4 c5 6. d4 Nc6 7. Bd3 O-O 8. O-O Nb4 9. Be2 b6 10. Nbd2 Bb7 11. a3 Nc6 12. Ne5 Nd7 13. f4 Ne7 14. Bd3 Nf5 15. Qh5 g6 16. Qh3 Nxe5 17. dxe5 Be7 18. g4 dxc4 19. gxf5 Qxd3 20. f6 Rfe8 21. Nxc4 Qxb3 22. Rac1 Ba6 23. Rc3 Qa4 24. Rfc1 Bxc4 25. Rxc4 Qb3 26. R4c2 Bf8 27. Qf3 Rad8 28. Qe2 Qd3 29. Kf2 Rd5 30. h4 h5 31. Rg1 Kh7 32. e4 Rd7 33. Rc3 Qxe2+ 34. Kxe2 Red8 35. Bc1 Rd4 36. Be3 Ra4 37. Rd1 Rxd1 38. Kxd1 c4 39. Ke2 Bxa3 40. Kf3 Bb2 41. Rc2 c3 42. Bc1 Ra2 43. f5 b5 44. fxg6+ fxg6 45. Be3 Kg8 46. Bc5 Kf7 47. Bb4 a5 48. Bxc3 Ra3 49. Rxb2 Rxc3+ 50. Kf4 b4 51. Ra2 Rc5 52. Rd2 Rc7 53. Rd8 b3 54. Rh8 b2 55. Rb8 Rc2 56. Kg5 Rc7 57. Rxb2 a4 58. Rb8 Rc4 59. Rb7+ Ke8 60. Kxg6 Rc8 61. Ra7 Rb8 62. Kg7 1-0

[Event "Cto por Equipos de Aragon  Preferente I "]
[Site "?"]
[Date "2026.02.07"]
[Round "3.34"]
[White "Lopez Micone, Nicolas"]
[Black "Luis Vitalla, Fernando"]
[Result "0-1"]
[WhiteElo "1839"]
[BlackElo "2045"]
[PlyCount "118"]
[GameId "2276814097143621"]
[EventDate "2026.01.24"]
[WhiteTeam "Iberajedrez Mundo 64 C"]
[BlackTeam "Atletismo Huesca"]

1. c4 c6 2. d4 d5 3. Nc3 Nf6 4. Nf3 dxc4 5. e4 b5 6. Bg5 b4 7. Na4 Nxe4 8. Bxc4 Nxg5 9. Nxg5 e6 10. f4 Be7 11. Qd2 Nd7 12. O-O O-O 13. Rad1 Nf6 14. Qc2 Qa5 15. Bb3 h6 16. Ne4 Ba6 17. Rf3 Qf5 18. Re1 Rfd8 19. Qxc6 Bb5 20. Qb7 Nxe4 21. Qxe4 Qxe4 22. Rxe4 Bc6 23. d5 Bxd5 24. Bxd5 Rxd5 25. f5 e5 26. Rc4 Rad8 27. Re3 f6 28. Kf2 Kf7 29. Kf3 Rd4 30. Rc7 R8d7 31. Rc6 Rf4+ 32. Ke2 Rxf5 33. Nc5 Bxc5 34. Rxc5 Rf4 35. Rb5 a6 36. Rb6 a5 37. Ra6 Rc4 38. Ke1 Rc2 39. Re2 Rxe2+ 40. Kxe2 Rd5 41. a3 Rc5 42. Kd2 bxa3 43. bxa3 f5 44. Kd3 g6 45. a4 e4+ 46. Kd4 Rc2 47. g4 Rxh2 48. gxf5 gxf5 49. Rxa5 Kf6 50. Ke3 Rh3+ 51. Ke2 Kg5 52. Ra8 Kf4 53. a5 Rh2+ 54. Kf1 Kf3 55. Kg1 Ra2 56. a6 e3 57. a7 e2 58. Re8 Rxa7 59. Kh2 Ra1 0-1

[Event "Cto por Equipos de Aragon  Preferente I "]
[Site "?"]
[Date "2026.02.07"]
[Round "3.35"]
[White "Molina Cubero-Luna, German"]
[Black "Gordo Escalada, Fernando"]
[Result "1-0"]
[WhiteElo "1927"]
[BlackElo "1798"]
[PlyCount "47"]
[GameId "2276814097147718"]
[EventDate "2026.01.24"]
[WhiteTeam "Atletismo Huesca"]
[BlackTeam "Iberajedrez Mundo 64 C"]

1. d4 d5 2. Nf3 Nf6 3. e3 Bf5 4. c4 e6 5. Qb3 Qc8 6. Nc3 c6 7. Bd2 Nbd7 8. Rc1 Bd6 9. Be2 h6 10. O-O O-O 11. Nh4 Bh7 12. f4 Ne4 13. Nxe4 dxe4 14. g3 Nf6 15. Bc3 Qc7 16. d5 Nd7 17. Qd1 Nc5 18. b4 Nd3 19. Bxd3 exd3 20. c5 exd5 21. cxd6 Qxd6 22. Qg4 f6 23. Nf5 Qd8 24. Qxg7# 1-0

[Event "Cto por Equipos de Aragon  Preferente I "]
[Site "?"]
[Date "2026.02.07"]
[Round "3.36"]
[White "Torres Montes, Juan"]
[Black "Laplaza Ara, Carlos"]
[Result "1-0"]
[WhiteElo "1777"]
[BlackElo "1908"]
[PlyCount "57"]
[GameId "2276814097155911"]
[EventDate "2026.01.24"]
[WhiteTeam "Iberajedrez Mundo 64 C"]
[BlackTeam "Atletismo Huesca"]

1. c4 Nf6 2. Nc3 g6 3. e4 d6 4. d4 Bg7 5. Nf3 O-O 6. Be2 e5 7. d5 b6 8. Bg5 Nbd7 9. Nd2 Bb7 10. h4 h6 11. Be3 Nh7 12. g4 Qe7 13. Nf3 Ndf6 14. g5 Ng4 15. Bd2 f5 16. gxh6 Bxh6 17. Bxh6 Nxh6 18. Qd2 f4 19. O-O-O Kh8 20. Rdg1 Rf6 21. Ng5 Rg8 22. Bg4 Nxg4 23. Rxg4 Bc8 24. Rg2 Kg7 25. f3 Rff8 26. Nb5 a6 27. Na7 Bd7 28. Nc6 Bxc6 29. Ne6+ 1-0

[Event "Cto por Equipos de Aragon  Preferente I "]
[Site "?"]
[Date "2026.02.07"]
[Round "3.37"]
[White "Juberias Segura, Santiago"]
[Black "Ramon Perez, Jose Luis"]
[Result "0-1"]
[WhiteElo "1942"]
[BlackElo "2137"]
[PlyCount "62"]
[GameId "2276814097164104"]
[EventDate "2026.01.24"]
[WhiteTeam "Utebo San Lamberto"]
[BlackTeam "Fraga"]

1. c4 e5 2. g3 Nc6 3. Bg2 h5 4. h4 Bc5 5. e3 d6 6. a3 a6 7. Nc3 Bg4 8. Bf3 Qd7 9. Bxg4 hxg4 10. Nge2 Ba7 11. d3 g5 12. Bd2 gxh4 13. gxh4 f5 14. Ng3 Nf6 15. Qb3 O-O-O 16. O-O-O f4 17. Nge4 Nh5 18. Rdg1 g3 19. Nd5 gxf2 20. Rg5 fxe3 21. Bxe3 Qh3 22. Qd1 Bxe3+ 23. Kb1 f1=Q 24. Rxf1 Bxg5 25. Nxg5 Qxh4 26. Ne6 Rd7 27. Rh1 Qg3 28. Rxh5 Rxh5 29. Qxh5 Qxd3+ 30. Ka1 Qf1+ 31. Ka2 Qxc4+ 0-1

[Event "Cto por Equipos de Aragon  Preferente I "]
[Site "?"]
[Date "2026.02.07"]
[Round "3.38"]
[White "Vallverdu Miret, Oscar"]
[Black "Olivan Lopez, Dario"]
[Result "1-0"]
[WhiteElo "2031"]
[BlackElo "1926"]
[PlyCount "81"]
[GameId "2276814097172297"]
[EventDate "2026.01.24"]
[WhiteTeam "Fraga"]
[BlackTeam "Utebo San Lamberto"]

1. Nf3 Nf6 2. g3 c6 3. Bg2 d5 4. c4 dxc4 5. a4 h6 6. Na3 Be6 7. Qc2 Na6 8. Nxc4 Nb4 9. Qc3 Nfd5 10. Qb3 b5 11. axb5 cxb5 12. Na3 a5 13. Nd4 Rb8 14. Nxe6 fxe6 15. O-O g6 16. Qf3 Bg7 17. Qg4 Kf7 18. Be4 g5 19. Nc2 Nf6 20. Qf3 Nbd5 21. Ne3 h5 22. Bb1 g4 23. Qg2 h4 24. f3 hxg3 25. hxg3 Qb6 26. fxg4 Bh6 27. Qf2 Nxe3 28. dxe3 Rbc8 29. Ra3 Rc4 30. g5 Bxg5 31. Rc3 Qc6 32. e4 Bxc1 33. Rfxc1 Rxc3 34. Rxc3 Qd6 35. Bd3 b4 36. Rc5 Rh3 37. e5 Rxg3+ 38. Kh2 Rf3 39. exf3 Qxd3 40. exf6 Qh7+ 41. Kg2 1-0

[Event "Cto por Equipos de Aragon  Preferente I "]
[Site "?"]
[Date "2026.02.07"]
[Round "3.39"]
[White "Lopez Guaita, Fernando"]
[Black "Agustin De Dios, Adrian"]
[Result "0-1"]
[WhiteElo "1899"]
[BlackElo "1873"]
[PlyCount "100"]
[GameId "2276814097176394"]
[EventDate "2026.01.24"]
[WhiteTeam "Utebo San Lamberto"]
[BlackTeam "Fraga"]

1. e4 c6 2. d3 d5 3. Nd2 e5 4. g3 Nf6 5. Bg2 Bd6 6. Ngf3 h6 7. O-O O-O 8. c3 Na6 9. d4 dxe4 10. Nxe5 Bxe5 11. dxe5 Ng4 12. Nxe4 Nxe5 13. Qb3 Qe7 14. Be3 Be6 15. Qa3 Qxa3 16. bxa3 Bd5 17. Rfd1 Nc4 18. Bc1 Rad8 19. Rd4 b6 20. Nd2 Bxg2 21. Kxg2 Ne5 22. Ra4 Nc5 23. Rxa7 Ra8 24. Rxa8 Rxa8 25. f4 Ned3 26. Nb3 Ne4 27. c4 Ne1+ 28. Kf1 Nc2 29. Rb1 Nc3 30. Rb2 Nxa3 31. Nd2 Nd1 32. Rb3 Nc2 33. a3 Re8 34. Rxb6 Re1+ 35. Kg2 Nce3+ 36. Kf3 Nc2 37. a4 Nc3 38. Nb3 Nxa4 39. Rxc6 Re8 40. Ra6 Nc3 41. c5 Nb5 42. c6 Rc8 43. Be3 Nc7 44. Ra5 Nxe3 45. Kxe3 Ne6 46. Ra6 Kf8 47. f5 Nc7 48. Ra7 Nb5 49. Ra6 Nc7 50. Rb6 Nd5+ 0-1